Homenaje a Rodríguez-Moñino (Record no. 80495)

MARC details
000 -LEADER
campo de control de longitud fija 00558nam a2200169 i 4500
001 - NÚMERO DE CONTROL
campo de control 80495
003 - IDENTIFICADOR DE NÚMERO DE CONTROL
campo de control ES-MaACL
005 - FECHA Y HORA DE LA ÚLTIMA TRANSACCIÓN
campo de control 20230906174229.0
007 - CAMPO FIJO DE DESCRIPCIÓN FÍSICA--INFORMACIÓN GENERAL
campo de control de longitud fija t|
008 - DATOS DE LONGITUD FIJA--INFORMACIÓN GENERAL
campo de control de longitud fija 041028s1966 sp ||||1| spa d
245 00 - MENCIÓN DEL TÍTULO
Título Homenaje a Rodríguez-Moñino
Resto del título : estudios de erudición que le ofrecen sus amigos o discípulos hispanistas norteamericanos.
260 ## - PUBLICACIÓN, DISTRIBUCIÓN, ETC.
Lugar de publicación, distribución, etc. Madrid :
Nombre del editor, distribuidor, etc. Castalia,
Fecha de publicación, distribución, etc. 1966.
300 ## - DESCRIPCIÓN FÍSICA
Extensión 2 v., 15 lám. ;
Dimensiones 28 cm.
852 ## - LOCALIZACIÓN
Ubicación ES-MaACL
Número de control de estantería G-5111-2
Sublocalización o colección R.70040
852 ## - LOCALIZACIÓN
Ubicación ES-MaACL
Número de control de estantería C-30813-14
Sublocalización o colección R.61603
852 ## - LOCALIZACIÓN
Ubicación ES-MaACL
Número de control de estantería C-34518-9
Sublocalización o colección R.66905
Holdings
Estatus retirado Estado de pérdida Estado de daño No para préstamo Biblioteca de origen Biblioteca actual Ubicación en estantería Fecha de adquisición Fuente de adquisición Total de préstamos Signatura topográfica completa Código de barras Visto por última vez Precio de reemplazo Tipo de ítem Koha
        Biblioteca del Ateneo de Madrid Biblioteca del Ateneo de Madrid Depósito 2 17/01/2008     C-34518-9 1084159 23/02/2023 23/02/2023 Libro impreso
        Biblioteca del Ateneo de Madrid Biblioteca del Ateneo de Madrid Depósito 2 17/01/2008     G-5111-2 1084157 23/02/2023 23/02/2023 Libro impreso
        Biblioteca del Ateneo de Madrid Biblioteca del Ateneo de Madrid Depósito 2 17/01/2008     C-30813-14 1084158 23/02/2023 23/02/2023 Libro impreso